LEADER 01132nam a2200289 a 4500 001 000000170479 003 CaOOAMICUS 005 20181114102630.0 008 181114s1965 it u000 u ita r 032 $aLibriCat 040 $aPUL$bita 041 1 $aita$hfre 100 1 $aWeil, Simone,$d1909-1943.$0(OLS)http://pul/name/732 240 10$aCondition ouvrière.$lItaliano.$0(OLS)http://pul/title/22549 245 13$aLa condizione operaia /$cSimone Weil ; traduzione di Franco Fortini. 260 $aMilano :$bClub degli editori,$cstampa 1965. 300 $a287 p. ;$c21 cm. 490 1 $aSaggi ;$v34 650 4$aLavoro (sociologia).$0(OLS)http://pul/subject/11062 700 1 $aFortini, Franco,$d1917-$0(OLS)http://pul/name/19934 830 0$aSaggi (Club degli Editori) ;$v34.$0(OLS)http://pul/title/211246 850 $aPUL 852 $aPUL$W1$xDP1 Fondo De Girolamo$y124$m1 C 20$j115184$qFondi$B198788$CPULBib$Z2$F198788 $81 941 1 $a1 996 $6245$aLa condizione operaia$9(OLS)http://pul/title/22550 996 $6260$aMilano :$bClub degli editori$9(OLS)http://pul/publisher/86870 LEADER 01460nam a2200313 a 4500 001 000000104284 003 CaOOAMICUS 005 20240306165926.0 008 070313s2007 vc u000 u ita r 020 $z978-88-465-0556-5* 032 $aLibriCat 040 $aPUL$bita$dLDB 111 2 $aGiornata canonistica interdisciplinare$n(01 :$d2006 :$cRoma).$0(OLS)http://pul/name/83531 245 10$aCategorialità e trascendentalità del diritto /$c[Paolo Gherri (Ed.)]. 260 $aRoma :$bLateran University Press,$c©2007. 300 $a217 p.$c24 cm 500 $aSulla coperta: Paolo Gherri (Ed.). 500 $aSul risguardo della coperta post.: Atti della giornata canonistica interdisciplinare (23 marzo 2006). 504 $aBibliografia in nota. 650 4$aDiritto$xCongressi.$0(OLS)http://pul/subject/18122 700 1 $aGherri, Paolo,$csacerdote,$d1964-$0(OLS)http://pul/name/49368 830 0$aAtti delle giornate canonistiche interdisciplinari (LUP).$0(OLS)http://pul/title/165959 850 $aPUL 852 $aPUL$W1$xSL Diritto Canonico 3$y77$m262. 9 GHEPA 1$j116650$qDDC 21$B116651$CPULBib$Z2$F116651 $H103601 $82 941 1 $a9 996 $6020$z978-88-465-0556-5*$9(OLS)http://pul/number/133876 996 $6245$aCategorialità e trascendentalità del diritto$9(OLS)http://pul/title/131161 996 $6260$aRoma :$bLateran University Press$9(OLS)http://pul/publisher/74370